| 000 | 03471nas1a22005171i 4500 | ||
|---|---|---|---|
| 001 | RU\NLR\INFOCOMM31\1000052209 | ||
| 005 | 20240726051151.0 | ||
| 035 | _a(NLR Aleph) 002516648 | ||
| 090 |
_a2727138 _c2727138 |
||
| 100 | _a20040428c1964 |||y0rusy50 ca | ||
| 101 | 0 | _arus | |
| 102 | _aRU | ||
| 110 | _azyu||||0|y0 | ||
| 200 | 1 |
_aМатериалы наблюдений на озерах и водохранилищах _e(Дополнение к Гидрол. ежегоднику Т.4 вып.5-7) _fГлав. упр. гидрометеорол. службы при Совете Министров СССР. Уральское упр. гидрометеорол. службы. Камская гидрометеорол. обсерватория |
|
| 210 |
_aСвердловск _d1964- |
||
| 309 | _aОтпеч. множит. аппаратом | ||
| 333 | _aДо 1965 ограниченного пользования | ||
| 422 | 1 |
_12001#$aГидрологический ежегодник _tГидрологический ежегодник |
|
| 440 | 1 |
_12001#$aМатериалы наблюдений на озерах и водохранилищах$eДоп. к Гидрол. ежегоднику$hТ.4$hВып.5-7$iБассейн Каспийского моря$iБассейн р. Камы _tМатериалы наблюдений на озерах и водохранилищах |
|
| 712 | 0 | 2 |
_aКамская гидрометеорологическая станция _4570 |
| 801 | 1 |
_aRU _bInfoComm _c20040428 |
|
| 801 | 0 |
_aRU _bNLR _gPSBO |
|
| 852 |
_aNLR _jП8/683 |
||
| 942 | _cSE | ||
| 980 | _aRUSPER | ||